000 02208nam a22001457a 4500
999 _c527413
_d527413
008 240828b ||||| |||| 00| 0 eng d
100 _aKumar, Nomita P. and Srivastava, Achala
_957576
245 _aStatus of social security provisions in urban unorganised labour market of utter Pradesh: A field check
260 _aThe Indian Journal of Labour Economics
300 _a 67(1), Jan-Mar, 2024: p.221-236
520 _aWomen workers in the informal economy are in extremely vulnerable situations, with no protection through labour laws, no effective policy measures to address their situations, and lack of access to social security schemes. This paper underlines the need for a broader interpretation of social security in a state like Uttar Pradesh (UP) characterised by a high degree of deprivation and vulnerability of a large section of the unorganised workforce. In this paper, we intend to examine the coverage of protective social security in urban unorganised labour market in UP by different groups of unorganised workers, viz., domestic workers, construction workers, tailors and garment workers. We confine our analysis here only to the examination of protective measures prevalent in the labour market, that is employees’ provident fund, gratuity, pension, maternity benefit/leaves, sickness allowance, among others to the wage paid informal workers. To examine the status of social security among urban women informal worker SSI (Social Security Index) has been computed, which reveals the fact that the level and status of social security enjoyed by the urban women informal workers is not satisfactory. An attempt has also been made in this section to examine the relationship between explanatory variables and dependent variable (SSI). This issue needs attention minimum social security net be ensured for all workers irrespective of wage, enterprise size, and place of origin. It is also imperative to clearly define national policy for informal workers, including a national social protection strategy for them.- Reproduced https://link.springer.com/article/10.1007/s41027-024-00490-9
773 _aThe Indian Journal of Labour Economics
906 _aLABOUR
942 _cAR